|
|
|
|
| LEADER |
00000nam a2200000 a 4500 |
| 001 |
UCN0453 |
| 003 |
CL-VaPUC |
| 008 |
010323e19970000CL |||||||||||||||||spa|d |
| 082 |
0 |
4 |
|a Ch866
|b HUI
|2 21
|
| 100 |
|
|
|a Huidobro, Vicente
|e autor
|d 1893-1948
|q (García-Huidobro Fernández, Vicente)
|9 505141
|
| 700 |
0 |
|
|a Fernández, María Luisa
|e author
|9 455701
|
| 245 |
1 |
0 |
|a Epistolario
|
| 300 |
|
|
|a 211 p
|
| 942 |
|
|
|c BK
|
| 945 |
|
|
|d 20010323 00:00:00
|a cmena
|
| 260 |
|
|
|a Santiago
|b DIBAM
|c 1997
|
| 650 |
|
7 |
|a CORRESPONDENCIAS CHILENAS
|2 CL-VaPUC
|9 455641
|
| 583 |
|
|
|a last modification
|c 20010323 00:00:00
|k Rodrigo Vera
|
| 999 |
|
|
|c 294201
|d 294199
|
| 952 |
|
|
|0 0
|1 0
|4 0
|6 CH_866_000000000000000_HUI_1997
|7 0
|8 A
|9 346170
|a FDOPOS
|b BIBEDU
|d 2019-11-20
|i 3692671
|l 2
|m 2
|o Ch866 HUI 1997
|p 3692671
|r 2023-12-06
|s 2023-10-31
|w 2019-11-20
|y BK
|k MLH
|